Online katalóg knižníc regiónu Turca

Čierna žena, biela krajina (Record no. 22052)

MARC details
000 -LEADER
fixed length control field 02482cam a2200685 a 4500
001 - CONTROL NUMBER
control field 22052
003 - CONTROL NUMBER IDENTIFIER
control field VRT
005 - DATE AND TIME OF LATEST TRANSACTION
control field 20260318101618.0
008 - FIXED-LENGTH DATA ELEMENTS--GENERAL INFORMATION
fixed length control field 240314s2013 xo of g h 000 1bslo
015 ## - NATIONAL BIBLIOGRAPHY NUMBER
National bibliography number SNBA2013
020 ## - INTERNATIONAL STANDARD BOOK NUMBER
International Standard Book Number 9788055132365
Qualifying information (viaz.)
035 ## - SYSTEM CONTROL NUMBER
System control number C271F619-11C3-4CC6-A425-990F108140B4
035 ## - SYSTEM CONTROL NUMBER
System control number urn:nbn:sk:snk-amjmp6
035 ## - SYSTEM CONTROL NUMBER
System control number urn:nbn:sk:snk-am001oc9
039 #9 - LEVEL OF BIBLIOGRAPHIC CONTROL AND CODING DETAIL [OBSOLETE]
Level of rules in bibliographic description 202403141558
Level of effort used to assign nonsubject heading access points VLOAD
Level of effort used to assign subject headings 201604301205
Level of effort used to assign classification VLOAD
Level of effort used to assign subject headings 201508271458
Level of effort used to assign classification VLOAD
Level of effort used to assign subject headings 201508271128
Level of effort used to assign classification VLOAD
040 ## - CATALOGING SOURCE
Original cataloging agency SVKBB
Language of cataloging slo
Transcribing agency SVKBB
Modifying agency SNK
Description conventions AACR2
041 1# - LANGUAGE CODE
Language code of text/sound track or separate title slo
Language code of original ger
044 ## - COUNTRY OF PUBLISHING/PRODUCING ENTITY CODE
MARC country code xo
ISO country code SK
072 #7 - SUBJECT CATEGORY CODE
Subject category code 929
Subject category code subdivision Biografie
Source konspekt
072 #7 - SUBJECT CATEGORY CODE
Subject category code 821.111-3
Subject category code subdivision Anglická próza, anglicky písaná
Source konspekt
080 ## - UNIVERSAL DECIMAL CLASSIFICATION NUMBER
Universal Decimal Classification number (0:82-322.6)
Edition identifier 2001
080 ## - UNIVERSAL DECIMAL CLASSIFICATION NUMBER
Universal Decimal Classification number 342.726-055.2
Edition identifier 2001
080 ## - UNIVERSAL DECIMAL CLASSIFICATION NUMBER
Universal Decimal Classification number 687.5.01-055.2
Edition identifier 2001
080 ## - UNIVERSAL DECIMAL CLASSIFICATION NUMBER
Universal Decimal Classification number 392.15
Edition identifier 2001
080 ## - UNIVERSAL DECIMAL CLASSIFICATION NUMBER
Universal Decimal Classification number (677)
Edition identifier 2001
080 ## - UNIVERSAL DECIMAL CLASSIFICATION NUMBER
Universal Decimal Classification number 821.111-32
Edition identifier 2001
100 1# - MAIN ENTRY--PERSONAL NAME
Personal name Dirie, Waris,
Dates associated with a name 1965-
Relationship aut
240 10 - UNIFORM TITLE
Uniform title Schwarze Frau, weisses Land
Language of a work Slovensky
245 10 - TITLE STATEMENT
Title Čierna žena, biela krajina
Statement of responsibility, etc. Waris Dirieová ; [z nemeckého originálu preložili Jarmila Pospěchová, Mária Benedeková]
250 ## - EDITION STATEMENT
Edition statement [1. vyd.]
260 ## - PUBLICATION, DISTRIBUTION, ETC.
Place of publication, distribution, etc. Bratislava
Name of publisher, distributor, etc. Ikar
Date of publication, distribution, etc. 2013
300 ## - PHYSICAL DESCRIPTION
Extent 212 s., [8] s. obr. príl.
Other physical details 14 fareb. fotogr.
Dimensions 24 cm
500 ## - GENERAL NOTE
General note Pravdepodobne angl. originál
504 ## - BIBLIOGRAPHY, ETC. NOTE
Bibliography, etc. note Bibliogr. pozn.
600 17 - SUBJECT ADDED ENTRY--PERSONAL NAME
Personal name Dirie, Waris,
Dates associated with a name 1965-
Source of heading or term SNKMA
648 #7 - SUBJECT ADDED ENTRY--CHRONOLOGICAL TERM
Chronological term 20.-21. stor.
Source of heading or term SNKPH
648 #7 - SUBJECT ADDED ENTRY--CHRONOLOGICAL TERM
Chronological term 20th-21st centuries
Source of heading or term SNKPHeng
650 07 - SUBJECT ADDED ENTRY--TOPICAL TERM
Topical term or geographic name entry element modelky
Source of heading or term SNKPH
650 07 - SUBJECT ADDED ENTRY--TOPICAL TERM
Topical term or geographic name entry element obriezka u žien
Source of heading or term SNKPH
650 07 - SUBJECT ADDED ENTRY--TOPICAL TERM
Topical term or geographic name entry element Female models
Source of heading or term SNKPHeng
650 07 - SUBJECT ADDED ENTRY--TOPICAL TERM
Topical term or geographic name entry element Women's rights
Source of heading or term SNKPHeng
650 07 - SUBJECT ADDED ENTRY--TOPICAL TERM
Topical term or geographic name entry element Female circumcision
Source of heading or term SNKPHeng
650 07 - SUBJECT ADDED ENTRY--TOPICAL TERM
Topical term or geographic name entry element práva žien
Source of heading or term SNKPH
651 #7 - SUBJECT ADDED ENTRY--GEOGRAPHIC NAME
Geographic name Somálsko
Source of heading or term SNKPH
651 #7 - SUBJECT ADDED ENTRY--GEOGRAPHIC NAME
Geographic name Somalia
Source of heading or term SNKPHeng
655 #7 - INDEX TERM--GENRE/FORM
Genre/form data or focus term Autobiographical stories
Source of term SNKPHeng
655 #7 - INDEX TERM--GENRE/FORM
Genre/form data or focus term autobiografické príbehy
Source of term SNKPH
655 #7 - INDEX TERM--GENRE/FORM
Genre/form data or focus term anglicky písané príbehy
Source of term SNKPH
655 #7 - INDEX TERM--GENRE/FORM
Genre/form data or focus term Stories in English
Source of term SNKPHeng
700 1# - ADDED ENTRY--PERSONAL NAME
Personal name Pospěchová, Jarmila
Relationship trl
700 1# - ADDED ENTRY--PERSONAL NAME
Personal name Benedeková, Mária
Relationship trl
942 ## - ADDED ENTRY ELEMENTS (KOHA)
Source of classification or shelving scheme Dewey Decimal Classification
Koha item type Krásna literatúra pre dospelých
Suppress in OPAC No
949 ## - LOCAL PROCESSING INFORMATION (OCLC)
6 3869A13461
a bpksh342.726-055.2
b bpksh63218
949 ## - LOCAL PROCESSING INFORMATION (OCLC)
6 17A1065043
a snkSC 153027 D1
b snk2013/5577
o 415/13
949 ## - LOCAL PROCESSING INFORMATION (OCLC)
6 2889193159
a savukS 152038
b savuk2013/537
949 ## - LOCAL PROCESSING INFORMATION (OCLC)
6 273K0568513
a svkpoB 93538
b svkpo579132
949 ## - LOCAL PROCESSING INFORMATION (OCLC)
6 270001000408184
a svkbbB 49154
b svkbbm 733839
949 ## - LOCAL PROCESSING INFORMATION (OCLC)
6 17A1062347
a snkSC 153027
b snk2013/2890
o 415/13
Holdings
Stav vyradenia Strata Poškodenie Spôsob nadobudnutia Domovská knižnica Aktuálna knižnica Dátum nadobudnutia Total checkouts Čiarový kód exemplára Date last seen Typ exemplára
      Dar Obecná knižnica Horná Štubňa Obecná knižnica Horná Štubňa 21.03.2026   9788055132365 21.03.2026 Krásna literatúra pre dospelých
      Dar Obecná knižnica Turčianska Štiavnička Obecná knižnica Turčianska Štiavnička 18.03.2026   4738000555 18.03.2026 Krásna literatúra pre dospelých
Projekt je podporený Slovenskou asociáciou knižníc
Prevádzkuje Turčianska knižnica Martin 2026